Plus grandes villes de la province de Luxembourg - Statistiques

Statistiques générales
  • Ce quiz a été pris 198 fois
  • Le résultat moyen est 10 sur 20
Statistiques - réponses
Population (estimation) Ville % Correct
31 500 habitants Arlon
98%
20 950 habitants Bastogne
80%
12 050 habitants Libramont-Chevigny
78%
11 475 habitants Virton
76%
18 000 habitants Marche-en-Famenne
71%
5 700 habitants Florenville
60%
17 900 habitants Aubange
54%
11 510 habitants Durbuy
54%
8 650 habitants Messancy
54%
8 400 habitants Neufchâteau
54%
8 675 habitants Habay
48%
5 690 habitants Saint-Hubert
44%
9 075 habitants Bertrix
40%
6 050 habitants Étalle
35%
5 790 habitants Attert
31%
5 875 habitants Léglise
26%
7 850 habitants Vielsalm
22%
5 685 habitants Hotton
19%
5 715 habitants Nassogne
16%
6 400 habitants Vaux-sur-Sûre
14%
Aucun quiz correspondant
Distribution des résultats
% des personnes avec chaque résultat
Percentile par nombre de réponses
Votre historique - résultats
Vous n’avez pas pris ce quiz